000 00973nam a22003137a 4500
003 CHAP
005 20220817041831.0
008 971013s1963 r 10010 d
010 _a25970
011 _a26942
035 _a31043
040 _cCHAP
082 _a311.063
_bC65 1962
111 0 0 _aConferencia Interamericana de Estadística (
_n4
_d: 1962
_c: Washington)
245 _aInforme final
260 _aWashington :
_bUnión Panamericana,
_c1963
300 _a96 p.
490 _aOEA/Ser. C/VI.6.4
590 _aBATCH-UPD
_b10
_c20130110
_lUCH01
_h0311
590 _aBATCH-UPD
_b10
_c20130110
_lUCH01
_h1625
590 _aBATCH-UPD
_b10
_c20130409
_lUCH01
_h2344
590 _aBATCH-UPD
_b10
_c20130914
_lUCH01
_h1029
590 _aCONVERSION
_b10
_c20130109
_lUCH01
_h1315
650 1 4 _aEstadística
_xCongresos.
_938245
830 0 _aOEA/Ser. C/VI.6.4
_982752
901 _aBK
942 _cLIBRO
949 _a311.063 C65 1962
_bBC
_cLIBRO
_d-71917
_eLIBRO
_i31043
_mD
_si
999 _c25970
_d25970